[Event "Jastrzebie Zdroj op"]
[Site "Jastrzebie Zdroj"]
[Date "2022.11.25"]
[Round "8"]
[White "Posluszny, Tomasz"]
[Black "Jacel, Lukasz"]
[Result "0-1"]
[WhiteElo "1944"]
[BlackElo "1942"]
[PlyCount "74"]
[EventDate "2022.11.19"]
[EventType "swiss"]
[EventRounds "9"]
[EventCountry "POL"]
[SourceTitle "CBM 211 Extra"]
[Source "ChessBase"]
[SourceDate "2023.01.31"]
[SourceVersion "1"]
[SourceVersionDate "2023.01.31"]
[SourceQuality "1"]

1. Nf3 Nf6 2. g3 c5 3. Bg2 Nc6 4. c4 e6 5. 0-0 d5 6. d4 cxd4 7. cxd5 exd5 8. Nxd4 Be7 9. Nc3 0-0 10. Nb3 Be6 11. Be3 Ne5 12. Nc5 Nc4 13. Nxe6 fxe6 14. Bc1 Kh8 15. b3 Qa5 16. Na4 Na3 17. Bd2 Qa6 18. Rc1 Rac8 19. Be3 b6 20. Qd2 e5 21. Bh3 Rxc1 22. Rxc1 d4 23. Bg5 Ne4 24. Bxe7 Nxd2 25. Bxf8 Nc2 26. Rxc2 Qxe2 27. Rc1 Nf3+ 28. Kg2 Ne1+ 29. Kg1 Nc2 30. Bf1 Qd2 31. Rb1 e4 32. Bd6 e3 33. fxe3 dxe3 34. Nb2 Qf2+ 35. Kh1 Ne1 36. Bh3 e2 37. Bb4 Qf1+ 0-1

[Event "Rewal op-B 16th"]
[Site "Rewal"]
[Date "2011.08.22"]
[Round "3"]
[White "Murawko, Katarzyna"]
[Black "Jacel, Lukasz"]
[Result "1/2-1/2"]
[WhiteElo "1796"]
[BlackElo "1979"]
[PlyCount "50"]
[EventDate "2011.08.18"]
[EventType "swiss"]
[EventRounds "9"]
[EventCountry "POL"]
[SourceTitle "CBM 144 Extra"]
[Source "ChessBase"]
[SourceDate "2011.10.28"]
[SourceVersion "1"]
[SourceVersionDate "2011.10.28"]
[SourceQuality "1"]

1. e4 c5 2. Nf3 Nf6 3. Nc3 Nc6 4. d4 d5 5. exd5 Nxd5 6. Nxd5 Qxd5 7. c4 Qe4+ 8. Be3 cxd4 9. Nxd4 e5 10. Nb5 Bb4+ 11. Nc3 Bf5 12. Qd2 Bxc3 13. Qxc3 Nd4 14. f3 Qh4+ 15. Bf2 Qg5 16. h4 Qh6 17. Bd3 0-0 18. 0-0 Nxf3+ 19. gxf3 Qg6+ 20. Kh2 Bxd3 21. Rg1 Qd6 22. Bg3 f6 23. Qb3 Bf5 24. Qxb7 Qd7 25. Qxd7 Bxd7 1/2-1/2

[Event "Rewal op-B 15th"]
[Site "Rewal"]
[Date "2010.08.27"]
[Round "9"]
[White "Jacel, Lukasz"]
[Black "Slabek, Grzegorz"]
[Result "1/2-1/2"]
[WhiteElo "1954"]
[BlackElo "2065"]
[PlyCount "116"]
[EventDate "2010.08.18"]
[EventType "swiss"]
[EventRounds "9"]
[EventCountry "POL"]
[SourceTitle "EXT 2014"]
[Source "ChessBase"]
[SourceDate "2013.11.20"]
[SourceVersion "1"]
[SourceVersionDate "2013.11.20"]
[SourceQuality "1"]

1. e4 d5 2. exd5 Nf6 3. Bb5+ Bd7 4. Bc4 b5 5. Bb3 Bg4 6. f3 Bc8 7. Ne2 Bb7 8. 0-0 Nxd5 9. d4 e6 10. Nbc3 a6 11. Ne4 Nd7 12. Nf4 Be7 13. c3 0-0 14. Nxd5 Bxd5 15. Bc2 c5 16. dxc5 Nxc5 17. Be3 Nxe4 18. fxe4 Bc4 19. Rf2 e5 20. Rd2 Qc8 21. Rd7 Bc5 22. Bxc5 Qxc5+ 23. Kh1 Qf2 24. Qd2 Qxd2 25. Rxd2 Rfd8 26. Rad1 Rxd2 27. Rxd2 Bxa2 28. b3 Rc8 29. Rd1 Kf8 30. Ra1 Bxb3 31. Bxb3 Rxc3 32. Bd5 a5 33. h3 a4 34. Rb1 Rc5 35. Kg1 Ke7 36. Kf1 f5 37. Ke2 Kd6 38. Kd3 Kc7 39. Bg8 fxe4+ 40. Kxe4 h6 41. Bd5 Kb6 42. Kxe5 Ka5 43. Kd4 Rc7 44. Ra1 g5 45. Ra2 Rc1 46. Be6 b4 47. Bb3 a3 48. Bc2 Kb5 49. Kd3 Kc5 50. Kd2 Rg1 51. Be4 Kd4 52. Bf3 Rf1 53. Kc2 Re1 54. Kb3 Kc5 55. Rc2+ Kb5 56. Be2+ Ka5 57. Bd3 Rb1+ 58. Ka2 Rd1 1/2-1/2

[Event "Rewal op-B 15th"]
[Site "Rewal"]
[Date "2010.08.25"]
[Round "6"]
[White "Karwowski, Kacper"]
[Black "Jacel, Lukasz"]
[Result "0-1"]
[WhiteElo "1751"]
[BlackElo "1954"]
[PlyCount "82"]
[EventDate "2010.08.18"]
[EventType "swiss"]
[EventRounds "9"]
[EventCountry "POL"]
[SourceTitle "EXT 2014"]
[Source "ChessBase"]
[SourceDate "2013.11.20"]
[SourceVersion "1"]
[SourceVersionDate "2013.11.20"]
[SourceQuality "1"]

1. e4 Nc6 2. d4 d5 3. Nc3 Nf6 4. e5 Nd7 5. f4 Nb6 6. Nf3 Bg4 7. Be2 e6 8. 0-0 Qd7 9. h3 Bxf3 10. Rxf3 Be7 11. a4 Na5 12. b3 0-0 13. Be3 Rac8 14. Qe1 Bb4 15. Bd2 Nc6 16. Nd1 Nxd4 17. Bxb4 c5 18. Bc3 Nxc2 19. Qh4 Nxa1 20. Bd3 g6 21. f5 exf5 22. Bxf5 Qd8 23. Qxd8 Rcxd8 24. Bxa1 Rfe8 25. Bg4 h5 26. e6 fxe6 27. Rf6 hxg4 28. Rxg6+ Kf8 29. h4 e5 30. h5 Kf7 31. Rxg4 d4 32. h6 Rg8 33. Re4 Nd7 34. Nf2 Rg3 35. Kh2 Rxb3 36. Re1 Kg6 37. Ng4 Kf5 38. Nf2 Nf6 39. Rf1 Ng4+ 40. Nxg4+ Kxg4 41. Re1 Rh8 0-1

[Event "Rewal op-B 15th"]
[Site "Rewal"]
[Date "2010.08.18"]
[Round "1"]
[White "Jacel, Lukasz"]
[Black "Zezulkin, Alina"]
[Result "1-0"]
[WhiteElo "1954"]
[BlackElo "1615"]
[PlyCount "35"]
[EventDate "2010.08.18"]
[EventType "swiss"]
[EventRounds "9"]
[EventCountry "POL"]
[SourceTitle "EXT 2014"]
[Source "ChessBase"]
[SourceDate "2013.11.20"]
[SourceVersion "1"]
[SourceVersionDate "2013.11.20"]
[SourceQuality "1"]

1. e4 c5 2. Nc3 Nc6 3. f4 d6 4. Nf3 Nf6 5. Bc4 e6 6. d3 Be7 7. 0-0 0-0 8. Bb3 a6 9. Ne2 b5 10. c3 Bb7 11. Bc2 d5 12. e5 Nd7 13. d4 cxd4 14. Nexd4 Bc5 15. Bxh7+ Kh8 16. Bc2 f6 17. Qd3 f5 18. Ng5 1-0

[Event "Rewal op-B 14th"]
[Site "Rewal"]
[Date "2009.08.23"]
[Round "4"]
[White "Jacel, Lukasz"]
[Black "Mirski, Roman"]
[Result "1-0"]
[WhiteElo "1961"]
[BlackElo "1556"]
[PlyCount "81"]
[EventDate "2009.08.20"]
[EventType "swiss"]
[EventRounds "9"]
[EventCountry "POL"]
[SourceTitle "EXT 2011"]
[Source "ChessBase"]
[SourceDate "2010.11.26"]
[SourceVersion "1"]
[SourceVersionDate "2010.11.26"]
[SourceQuality "1"]

1. e4 c5 2. Nc3 d6 3. f4 g6 4. Nf3 Bg7 5. Bc4 Nc6 6. 0-0 Nd4 7. Nxd4 cxd4 8. Ne2 Nf6 9. d3 Bg4 10. h3 Bxe2 11. Qxe2 0-0 12. Bb3 Rc8 13. Qf2 Nd7 14. f5 Nc5 15. Bc4 e6 16. f6 Bh8 17. Qxd4 a6 18. Bh6 Re8 19. b4 e5 20. Qf2 Ne6 21. Bxe6 Rxe6 22. Bg5 d5 23. exd5 Qxd5 24. a4 Rec6 25. c4 Qd8 26. c5 Bxf6 27. b5 Bxg5 28. bxc6 Rxc6 29. Qxf7+ Kh8 30. Qxb7 Rc7 31. Rf8+ Qxf8 32. Qxc7 Be3+ 33. Kh1 Bxc5 34. Qxe5+ Kg8 35. Rb1 Bd6 36. Qe6+ Kg7 37. Rb7+ Kh8 38. Rf7 Qd8 39. Rd7 Qf8 40. Rxd6 Qf1+ 41. Kh2 1-0

[Event "Rewal op-B 14th"]
[Site "Rewal"]
[Date "2009.08.21"]
[Round "2"]
[White "Jacel, Lukasz"]
[Black "Milanowski, Jan"]
[Result "1-0"]
[WhiteElo "1961"]
[BlackElo "2109"]
[PlyCount "49"]
[EventDate "2009.08.20"]
[EventType "swiss"]
[EventRounds "9"]
[EventCountry "POL"]
[SourceTitle "EXT 2011"]
[Source "ChessBase"]
[SourceDate "2010.11.26"]
[SourceVersion "1"]
[SourceVersionDate "2010.11.26"]
[SourceQuality "1"]

1. e4 c5 2. Nc3 Nc6 3. f4 g6 4. Nf3 Bg7 5. Bc4 d6 6. 0-0 a6 7. a4 e6 8. d3 Nge7 9. Qe1 Nd4 10. Nxd4 Bxd4+ 11. Kh1 0-0 12. e5 dxe5 13. fxe5 Nc6 14. Bf4 Qc7 15. Ne4 Bxe5 16. Nf6+ Kh8 17. Qh4 h5 18. Qg5 Bxf4 19. Rxf4 Kg7 20. Nxh5+ Kh7 21. Nf6+ Kg7 22. Rh4 Rd8 23. Rh7+ Kf8 24. Rh8+ Kg7 25. Nh5+ 1-0

[Event "Rewal op-B 14th"]
[Site "Rewal"]
[Date "2009.08.20"]
[Round "1"]
[White "Mockun, Dawid"]
[Black "Jacel, Lukasz"]
[Result "0-1"]
[WhiteElo "1627"]
[BlackElo "1961"]
[PlyCount "118"]
[EventDate "2009.08.20"]
[EventType "swiss"]
[EventRounds "9"]
[EventCountry "POL"]
[SourceTitle "EXT 2011"]
[Source "ChessBase"]
[SourceDate "2010.11.26"]
[SourceVersion "1"]
[SourceVersionDate "2010.11.26"]
[SourceQuality "1"]

1. d4 Nf6 2. c4 e6 3. Nf3 b6 4. g3 Bb7 5. Bg2 Be7 6. 0-0 0-0 7. b3 d6 8. Bb2 Nbd7 9. Re1 Re8 10. Nc3 Bf8 11. e4 e5 12. d5 a5 13. Nh4 Nc5 14. Qd2 g6 15. Rad1 Bg7 16. Qc2 Qd7 17. a3 h6 18. b4 axb4 19. axb4 Na4 20. Ra1 Nxc3 21. Bxc3 c6 22. Qb3 cxd5 23. cxd5 Ba6 24. Ra3 Bc4 25. Qb2 Qb7 26. Rea1 Nd7 27. Ra4 Rxa4 28. Rxa4 b5 29. Ra3 Nb6 30. Qa1 Na4 31. Bd2 Kh7 32. Bf3 Qd7 33. Bd1 Ra8 34. Qc1 Nb6 35. Rxa8 Nxa8 36. Qa3 Qb7 37. Ng2 Nb6 38. Ne3 h5 39. Ng2 Qa8 40. Qxa8 Nxa8 41. f4 Bd3 42. Bf3 Nb6 43. Kf2 Nc4 44. Be1 Kh6 45. Ne3 exf4 46. Nxc4 fxg3+ 47. hxg3 Bxc4 48. Bd2+ g5 49. Be2 Bxe2 50. Kxe2 Be5 51. Kf3 Kg6 52. Be1 f5 53. Ke3 f4+ 54. gxf4 Bxf4+ 55. Kf3 Be5 56. Ke3 h4 57. Kf3 Kh5 58. Kg2 Kg4 59. Bd2 h3+ 0-1

[Event "POL-ch Seniors"]
[Site "Swietochlowice"]
[Date "2008.10.04"]
[Round "5.3"]
[White "Jacel, Lukasz"]
[Black "Gondzik, Dawid"]
[Result "1-0"]
[WhiteElo "1958"]
[BlackElo "2059"]
[PlyCount "99"]
[EventDate "2008.09.30"]
[EventType "swiss"]
[EventRounds "9"]
[EventCountry "POL"]
[SourceTitle "EXT 2023"]
[Source "ChessBase"]
[SourceDate "2022.10.05"]
[SourceVersion "1"]
[SourceVersionDate "2022.10.05"]
[SourceQuality "1"]

1. e4 c5 2. Nc3 d6 3. f4 Nc6 4. Nf3 g6 5. Bc4 Bg7 6. 0-0 e6 7. d3 Nge7 8. Qe1 0-0 9. f5 Na5 10. Qh4 Nxc4 11. f6 Nf5 12. exf5 Bxf6 13. Qxc4 gxf5 14. Bh6 Re8 15. Qf4 Kh8 16. Bg5 Bxg5 17. Nxg5 Qf6 18. Nb5 Rg8 19. Nxd6 Rxg5 20. Qxg5 Qd4+ 21. Kh1 Qxd6 22. Qf6+ Kg8 23. c3 Qf8 24. Rf3 h6 25. Rg3+ Kh7 26. Rf1 e5 27. Qxe5 Be6 28. Rf4 Re8 29. Qf6 Bc8 30. h3 Rd8 31. Rh4 Be6 32. Rg5 Rxd3 33. Qe5 f6 34. Rxf5 Rd1+ 35. Kh2 Bxf5 36. Qxf5+ Kh8 37. Qf4 Kh7 38. Qf5+ Kh8 39. Rf4 Rd2 40. Qg6 Qg7 41. Qe8+ Kh7 42. Qe4+ Kh8 43. Qe8+ Qg8 44. Qe4 Rxb2 45. Rxf6 Qg7 46. Rg6 Qf8 47. Qe5+ Kh7 48. Rf6 Qg7 49. Qf5+ Kh8 50. Rf8+ 1-0

[Event "POL-ch Seniors"]
[Site "Swietochlowice"]
[Date "2008.10.03"]
[Round "4.2"]
[White "Jacel, Lukasz"]
[Black "Kubit, Tomasz"]
[Result "1/2-1/2"]
[WhiteElo "1958"]
[BlackElo "2180"]
[PlyCount "39"]
[EventDate "2008.09.30"]
[EventType "swiss"]
[EventRounds "9"]
[EventCountry "POL"]
[SourceTitle "EXT 2023"]
[Source "ChessBase"]
[SourceDate "2022.10.05"]
[SourceVersion "1"]
[SourceVersionDate "2022.10.05"]
[SourceQuality "1"]

1. e4 d5 2. exd5 Nf6 3. Bb5+ Bd7 4. Bc4 Bg4 5. f3 Bf5 6. Nc3 Nbd7 7. Nge2 Nb6 8. Bb5+ Bd7 9. Bxd7+ Qxd7 10. 0-0 Nbxd5 11. Nxd5 Nxd5 12. d4 e6 13. c4 Nf6 14. Be3 Be7 15. Qb3 0-0 16. Rfd1 Rfd8 17. Rac1 Rac8 18. Rd2 c6 19. Rcd1 h6 20. Nc3 1/2-1/2

[Event "POL-ch U18"]
[Site "Leba"]
[Date "2008.03.31"]
[Round "3"]
[White "Jacel, Lukasz"]
[Black "Zadlo, Tomasz"]
[Result "0-1"]
[WhiteElo "1991"]
[BlackElo "2025"]
[PlyCount "85"]
[EventDate "2008.03.29"]
[EventType "swiss"]
[EventRounds "11"]
[EventCountry "POL"]
[SourceTitle "CBM 123 Extra"]
[Source "ChessBase"]
[SourceDate "2008.05.06"]
[SourceVersion "1"]
[SourceVersionDate "2008.05.06"]
[SourceQuality "1"]

1. e4 c5 2. Nc3 Nc6 3. f4 g6 4. Nf3 Bg7 5. Bb5 d6 6. Bxc6+ bxc6 7. d3 Nf6 8. 0-0 0-0 9. Qe1 Rb8 10. Qh4 c4 11. d4 d5 12. e5 Ne4 13. Ng5 Nxg5 14. Qxg5 f6 15. Qh4 fxe5 16. fxe5 Rxf1+ 17. Kxf1 c5 18. Bg5 cxd4 19. Qxd4 Be6 20. Rd1 Rxb2 21. Rd2 Rb7 22. h3 h6 23. Bf4 g5 24. Bg3 Qb6 25. Qxb6 axb6 26. Ke2 Rd7 27. Ke3 Bf7 28. Kd4 Bf8 29. Na4 Rb7 30. Rd1 Be8 31. Nc3 e6 32. Ne2 Bh5 33. Ke3 Bc5+ 34. Kd2 Ra7 35. Ra1 Bxe2 36. Kxe2 Bd4 37. Rf1 Rxa2 38. Kd2 b5 39. Rf6 b4 40. Kd1 Ra1+ 41. Kd2 Rg1 42. Ke2 Rxg2+ 43. Kf3 0-1

[Event "POL-ch U18"]
[Site "Leba"]
[Date "2008.03.31"]
[Round "4"]
[White "Pietocha, Pawel"]
[Black "Jacel, Lukasz"]
[Result "1-0"]
[WhiteElo "2025"]
[BlackElo "1991"]
[PlyCount "69"]
[EventDate "2008.03.29"]
[EventType "swiss"]
[EventRounds "11"]
[EventCountry "POL"]
[SourceTitle "CBM 123 Extra"]
[Source "ChessBase"]
[SourceDate "2008.05.06"]
[SourceVersion "1"]
[SourceVersionDate "2008.05.06"]
[SourceQuality "1"]

1. e4 c5 2. c3 Nf6 3. e5 Nd5 4. d4 cxd4 5. Nf3 Nc6 6. Bc4 Nb6 7. Bb3 e6 8. cxd4 d6 9. exd6 Bxd6 10. 0-0 Bd7 11. Nc3 0-0 12. Bc2 Be7 13. a3 Nd5 14. Qd3 f5 15. Bb3 Nxc3 16. bxc3 Na5 17. Ba2 Kh8 18. Re1 Rf6 19. Bg5 Rf8 20. Bd2 Bxa3 21. Bxe6 Bxe6 22. Rxe6 Bd6 23. c4 Nc6 24. d5 Nb4 25. Qb3 a5 26. Qa4 Bc5 27. Qb5 b6 28. Bg5 Qc7 29. Rd1 h6 30. Bh4 Ra7 31. Ne5 Kh7 32. d6 Qb7 33. d7 Qe4 34. Ng6 Qc2 35. Nxf8+ 1-0

[Event "POL-chT3 Slaskie"]
[Site "Poland"]
[Date "2008.03.02"]
[Round "6.54"]
[White "Jacel, Lukasz"]
[Black "Ociepka, Tomasz"]
[Result "1-0"]
[WhiteElo "1991"]
[BlackElo "1888"]
[PlyCount "41"]
[EventDate "2008.02.03"]
[EventType "team-swiss"]
[EventRounds "9"]
[EventCountry "POL"]
[SourceTitle "EXT 2019"]
[Source "ChessBase"]
[SourceDate "2018.10.10"]
[SourceVersion "1"]
[SourceVersionDate "2018.10.10"]
[SourceQuality "1"]

1. e4 c6 2. d4 d5 3. Nc3 dxe4 4. Nxe4 Nd7 5. Nf3 Ngf6 6. Ng3 e6 7. Bd3 Bd6 8. 0-0 Qc7 9. b3 b6 10. c4 Bb7 11. Bb2 0-0 12. Qc2 c5 13. Ng5 h6 14. Nh7 Nxh7 15. Bxh7+ Kh8 16. dxc5 Qxc5 17. Be4 Qc7 18. Bxb7 Qxb7 19. Qd2 Qc7 20. Qxh6+ Kg8 21. Qxg7# 1-0

[Event "POL-chT3 Slaskie"]
[Site "Poland"]
[Date "2008.02.19"]
[Round "4.5"]
[White "Pacak, Mateusz"]
[Black "Jacel, Lukasz"]
[Result "1-0"]
[WhiteElo "1905"]
[BlackElo "1991"]
[PlyCount "81"]
[EventDate "2008.02.03"]
[EventType "team-swiss"]
[EventRounds "9"]
[EventCountry "POL"]
[SourceTitle "EXT 2019"]
[Source "ChessBase"]
[SourceDate "2018.10.10"]
[SourceVersion "1"]
[SourceVersionDate "2018.10.10"]
[SourceQuality "1"]

1. e4 c5 2. Nc3 Nc6 3. g3 g6 4. Bg2 Bg7 5. d3 d6 6. Be3 e5 7. Qd2 Nd4 8. Nd5 Be6 9. c3 Bxd5 10. exd5 Nf5 11. Ne2 Nge7 12. 0-0 0-0 13. Rad1 Rb8 14. d4 exd4 15. cxd4 c4 16. Bf4 b5 17. g4 Nh4 18. Bh1 Nc8 19. Nc3 f6 20. Bg3 g5 21. f4 Ng6 22. f5 Nge7 23. a3 Qd7 24. h4 h6 25. Rde1 Rf7 26. Re6 Bf8 27. Qh2 Rb6 28. hxg5 hxg5 29. Ne4 Bg7 30. Nxd6 Nxd6 31. Bxd6 Nc8 32. Bc5 Rb7 33. Rfe1 Nb6 34. Re8+ Bf8 35. Bxf8 Rxf8 36. Rxf8+ Kxf8 37. Qh8+ Kf7 38. Re6 Nxd5 39. Bxd5 Qxd5 40. Qxf6+ Kg8 41. Re8+ 1-0

[Event "Rewal op-B 12th"]
[Site "Rewal"]
[Date "2007.08.29"]
[Round "9"]
[White "Czernicki, Bogdan"]
[Black "Jacel, Lukasz"]
[Result "1/2-1/2"]
[WhiteElo "2094"]
[BlackElo "1945"]
[PlyCount "44"]
[EventDate "2007.08.23"]
[EventType "swiss"]
[EventRounds "9"]
[EventCountry "POL"]
[SourceTitle "CBM 120 Extra"]
[Source "ChessBase"]
[SourceDate "2007.11.01"]
[SourceVersion "1"]
[SourceVersionDate "2007.11.01"]
[SourceQuality "1"]

1. d4 Nf6 2. f4 d5 3. Nf3 Bf5 4. e3 e6 5. c3 Be7 6. Nbd2 0-0 7. Be2 c5 8. 0-0 Nc6 9. Ne5 Nxe5 10. dxe5 Ne4 11. g4 Nxd2 12. Qxd2 Be4 13. b3 f6 14. exf6 Bxf6 15. Bb2 Rc8 16. c4 dxc4 17. Qxd8 Rfxd8 18. Bxf6 gxf6 19. Bxc4 Bd5 20. Rad1 Kf7 21. Kf2 Ke7 22. Ke2 Rd6 1/2-1/2

[Event "Rewal op-B 12th"]
[Site "Rewal"]
[Date "2007.08.29"]
[Round "8"]
[White "Ziebinski, Bartosz"]
[Black "Jacel, Lukasz"]
[Result "0-1"]
[WhiteElo "1853"]
[BlackElo "1945"]
[PlyCount "74"]
[EventDate "2007.08.23"]
[EventType "swiss"]
[EventRounds "9"]
[EventCountry "POL"]
[SourceTitle "CBM 120 Extra"]
[Source "ChessBase"]
[SourceDate "2007.11.01"]
[SourceVersion "1"]
[SourceVersionDate "2007.11.01"]
[SourceQuality "1"]

1. e4 Nc6 2. Nc3 e6 3. d4 Bb4 4. Nge2 d6 5. a3 Ba5 6. g3 Nge7 7. Bg2 0-0 8. 0-0 e5 9. dxe5 dxe5 10. Be3 Qe8 11. b4 Bb6 12. Bxb6 cxb6 13. Nd5 Nxd5 14. exd5 Ne7 15. f4 Nf5 16. Qd3 Nd6 17. fxe5 Qxe5 18. Nd4 Re8 19. c4 g6 20. c5 Bf5 21. Nxf5 Nxf5 22. c6 bxc6 23. dxc6 Rad8 24. Qf3 Rd2 25. Bh3 Qd4+ 26. Kh1 Ree2 27. Bg2 Rxg2 28. Qxg2 Rxg2 29. Kxg2 Ne3+ 30. Kf3 Nxf1 31. Rxf1 Qc3+ 32. Kg2 Qxc6+ 33. Rf3 g5 34. Kf2 f5 35. Re3 Kf7 36. h3 Kf6 37. g4 f4 0-1

[Event "Rewal op-B 12th"]
[Site "Rewal"]
[Date "2007.08.28"]
[Round "7"]
[White "Jacel, Lukasz"]
[Black "Palacz, Krzysztof"]
[Result "1-0"]
[WhiteElo "1945"]
[BlackElo "2099"]
[PlyCount "73"]
[EventDate "2007.08.23"]
[EventType "swiss"]
[EventRounds "9"]
[EventCountry "POL"]
[SourceTitle "CBM 120 Extra"]
[Source "ChessBase"]
[SourceDate "2007.11.01"]
[SourceVersion "1"]
[SourceVersionDate "2007.11.01"]
[SourceQuality "1"]

1. e4 c5 2. Nc3 Nc6 3. f4 g6 4. Nf3 Bg7 5. Bb5 Nd4 6. 0-0 Nxb5 7. Nxb5 a6 8. Nc3 e6 9. e5 d5 10. exd6 Qxd6 11. d3 Ne7 12. Ne4 Qc7 13. Qe1 h6 14. Bd2 f5 15. Bc3 Nd5 16. Bxg7 Qxg7 17. Nxc5 Nxf4 18. Ne5 Nd5 19. c4 Nc7 20. d4 0-0 21. Qg3 g5 22. Rad1 b6 23. Na4 b5 24. Nc5 bxc4 25. Nxc4 Rd8 26. Ne5 Nd5 27. Qb3 Rd6 28. Nc4 Rd8 29. Rfe1 Nc7 30. Ne5 Rd6 31. Re2 a5 32. Red2 Nd5 33. Nc4 Rd8 34. Ne3 Nf6 35. Nxf5 a4 36. Qc4 Nd5 37. Nxg7 1-0

[Event "Tarnowskie Gory Piasta Memorial 5th"]
[Site "Tarnowskie Gory"]
[Date "2007.08.22"]
[Round "4"]
[White "Jacel, Lukasz"]
[Black "Sroka, Janusz"]
[Result "1/2-1/2"]
[WhiteElo "1945"]
[BlackElo "2161"]
[PlyCount "40"]
[EventDate "2007.07.28"]
[EventType "swiss"]
[EventRounds "10"]
[EventCountry "POL"]
[SourceTitle "EXT 2011"]
[Source "ChessBase"]
[SourceDate "2010.11.26"]
[SourceVersion "1"]
[SourceVersionDate "2010.11.26"]
[SourceQuality "1"]

1. e4 c5 2. Nc3 d6 3. f4 g6 4. Nf3 Bg7 5. Bc4 Nf6 6. d3 Nc6 7. 0-0 0-0 8. Qe1 a6 9. a4 e6 10. f5 exf5 11. Qh4 Be6 12. exf5 Bxc4 13. dxc4 Nd7 14. Bg5 f6 15. fxg6 hxg6 16. Bh6 Nde5 17. Ne4 Qe7 18. Rae1 Rad8 19. Re3 Bxh6 20. Qxh6 Qg7 1/2-1/2

[Event "Tarnowskie Gory Piasta Memorial 5th"]
[Site "Tarnowskie Gory"]
[Date "2007.07.30"]
[Round "3"]
[White "Widera, Jan"]
[Black "Jacel, Lukasz"]
[Result "1/2-1/2"]
[WhiteElo "2148"]
[BlackElo "1945"]
[PlyCount "101"]
[EventDate "2007.07.28"]
[EventType "swiss"]
[EventRounds "10"]
[EventCountry "POL"]
[SourceTitle "EXT 2011"]
[Source "ChessBase"]
[SourceDate "2010.11.26"]
[SourceVersion "1"]
[SourceVersionDate "2010.11.26"]
[SourceQuality "1"]

1. b4 c6 2. c4 d5 3. e3 e5 4. Bb2 Bd6 5. a3 Nf6 6. c5 Bc7 7. d3 a5 8. Nd2 Be6 9. Ngf3 Nbd7 10. Be2 0-0 11. 0-0 e4 12. dxe4 dxe4 13. Nd4 Bd5 14. Qc2 Ne5 15. h3 Qd7 16. Rfd1 axb4 17. axb4 Rxa1 18. Rxa1 Bb8 19. Nf1 h6 20. Rd1 Nh7 21. f4 exf3 22. Nxf3 Qe7 23. e4 Nxf3+ 24. Bxf3 Be6 25. Qc3 f6 26. Ne3 Ng5 27. Nf5 Bxf5 28. exf5 Nxf3+ 29. Qxf3 Re8 30. Bc3 Qc7 31. Kf2 Qh2 32. Qg4 Qf4+ 33. Qxf4 Bxf4 34. Rd7 b6 35. Bd4 bxc5 36. Bxc5 Bb8 37. Kf3 Kh7 38. Be7 Be5 39. Ke4 Rb8 40. Kd3 Ra8 41. Kc4 Ra2 42. Kc5 Rxg2 43. Kxc6 Rg3 44. h4 Rg4 45. b5 Rxh4 46. b6 Rc4+ 47. Kb5 Rc1 48. Bd6 Rb1+ 49. Kc6 Rc1+ 50. Kb5 Rb1+ 51. Kc6 1/2-1/2

[Event "POL-chT U19 2nd League"]
[Site "Lublin"]
[Date "2007.07.15"]
[Round "11"]
[White "Jacel, Lukasz"]
[Black "Sycz, Dariusz"]
[Result "1/2-1/2"]
[WhiteElo "1945"]
[BlackElo "1935"]
[PlyCount "43"]
[EventDate "2007.07.07"]
[EventType "team-swiss"]
[EventRounds "11"]
[EventCountry "POL"]
[SourceTitle "EXT 2010"]
[Source "ChessBase"]
[SourceDate "2010.11.25"]
[SourceVersion "1"]
[SourceVersionDate "2010.11.25"]
[SourceQuality "1"]
[WhiteTeam "Gliwice Carbo U19"]
[BlackTeam "Brzozow LKS Brzozowia MOSiR U19"]
[WhiteTeamCountry "POL"]
[BlackTeamCountry "POL"]

1. e4 c5 2. Nc3 Nc6 3. f4 g6 4. Nf3 Bg7 5. Bc4 e6 6. 0-0 Na5 7. Qe2 Ne7 8. e5 d5 9. exd6 Nf5 10. Bb5+ Bd7 11. Ne5 Nd4 12. Qd3 Nac6 13. Bxc6 Nxc6 14. Ne4 0-0 15. c3 Qb6 16. Qe3 Nd4 17. Qf2 f5 18. Ng5 Qxd6 19. d3 h6 20. Ngf3 Nxf3+ 21. Qxf3 b6 22. Rd1 1/2-1/2

[Event "POL-chT U19 2nd League"]
[Site "Lublin"]
[Date "2007.07.14"]
[Round "10"]
[White "Matusiak, Marcin"]
[Black "Jacel, Lukasz"]
[Result "1/2-1/2"]
[WhiteElo "1979"]
[BlackElo "1945"]
[PlyCount "55"]
[EventDate "2007.07.07"]
[EventType "team-swiss"]
[EventRounds "11"]
[EventCountry "POL"]
[SourceTitle "EXT 2010"]
[Source "ChessBase"]
[SourceDate "2010.11.25"]
[SourceVersion "1"]
[SourceVersionDate "2010.11.25"]
[SourceQuality "1"]
[WhiteTeam "Jastrzebie Zdroj Pionier U19"]
[BlackTeam "Gliwice Carbo U19"]
[WhiteTeamCountry "POL"]
[BlackTeamCountry "POL"]

1. c4 b6 2. Nc3 Bb7 3. Nf3 e6 4. g3 f5 5. Bg2 Nf6 6. 0-0 Be7 7. d4 0-0 8. Re1 h6 9. Ne5 Bxg2 10. Kxg2 Qe8 11. e4 d6 12. Nf3 fxe4 13. Nxe4 Qc6 14. Nxf6+ Bxf6 15. d5 Qxc4 16. Rxe6 Nd7 17. b3 Qa6 18. Rb1 Qxa2 19. Bf4 Nc5 20. Re2 Qa6 21. b4 Nd3 22. Be3 Qc4 23. Rc2 Qe4 24. Kg1 Be5 25. Nd2 Qxd5 26. Rxc7 Rae8 27. Qb3 Qxb3 28. Rxb3 1/2-1/2

[Event "POL-chT U19 2nd League"]
[Site "Lublin"]
[Date "2007.07.12"]
[Round "7"]
[White "Demidowicz, Alicja"]
[Black "Jacel, Lukasz"]
[Result "1/2-1/2"]
[WhiteElo "1900"]
[BlackElo "1945"]
[PlyCount "46"]
[EventDate "2007.07.07"]
[EventType "team-swiss"]
[EventRounds "11"]
[EventCountry "POL"]
[SourceTitle "EXT 2010"]
[Source "ChessBase"]
[SourceDate "2010.11.25"]
[SourceVersion "1"]
[SourceVersionDate "2010.11.25"]
[SourceQuality "1"]
[WhiteTeam "Gorzow Wielkopolski Stilon U19 II"]
[BlackTeam "Gliwice Carbo U19"]
[WhiteTeamCountry "POL"]
[BlackTeamCountry "POL"]

1. e4 Nc6 2. Nf3 d6 3. Bb5 Bd7 4. d4 Nf6 5. Nc3 e5 6. b3 Nxd4 7. Nxd4 exd4 8. Bxd7+ Nxd7 9. Qxd4 Qf6 10. Qxf6 Nxf6 11. Bb2 0-0-0 12. f3 Be7 13. 0-0-0 Rhe8 14. Nd5 Nxd5 15. Rxd5 Bf8 16. Rhd1 a6 17. c4 g6 18. Kc2 Re6 19. c5 Rde8 20. cxd6 Rxd6 21. Rxd6 Bxd6 22. e5 Bf8 23. f4 Rd8 1/2-1/2